Top 100 DJ's of 2025 - Statistics

General Stats
  • This quiz has been taken 30 times
  • The average score is 14 of 100
Answer Stats
Hint DJ % Correct
1. David Guetta
88%
21. Tiësto
72%
16. Calvin Harris
68%
42. Marshmello
48%
2. Martin Garrix
48%
4. Dimitri Vegas & Like Mike
40%
8. Afrojack
36%
24. Alan Walker
36%
5. Armin Van Buuren
36%
15. Hardwell
36%
14. Steve Aoki
32%
70. The Chainsmokers
32%
44. Zedd
32%
51. Alesso
28%
40. DJ Snake
28%
7. Fisher
28%
34. Swedish House Mafia
28%
9. Charlotte De Witte
24%
3. Alok
20%
25. Carl Cox
20%
13. Don Diablo
20%
33. Fred Again...
20%
31. Skrillex
20%
61. Above & Beyond
16%
38. Amelie Lens
16%
10. Anyma
16%
45. Bassjackers
16%
81. Chris Stussy
16%
46. John Summit
16%
19. Lost Frequencies
16%
100. Marlon Hoffstadt
16%
77. Mau P
16%
26. Oliver Heldens
16%
62. Sara Landry
16%
6. Timmy Trumpet
16%
11. Vintage Culture
16%
17. Black Coffee
12%
95. Chris Lake
12%
41. Dom Dolla
12%
85. Ferry Corsten
12%
72. Mike Williams
12%
63. Nervo
12%
29. Nicky Romero
12%
18. W&W
12%
73. Artbat
8%
49. Boris Brejcha
8%
30. Claptone
8%
82. Deadmau5
8%
60. Deborah De Luca
8%
37. Eric Prydz
8%
93. Fantasm
8%
84. Fedde Le Grand
8%
68. Gordo
8%
52. James Hype
8%
27. Jamie Jones
8%
20. Keinemusik
8%
23. KSHMR
8%
67. Nico Moreno
8%
58. Nora En Pure
8%
39. Paul Van Dyk
8%
12. Peggy Gou
8%
47. Quintino
8%
28. R3hab
8%
55. Solomun
8%
64. Sub Zero Project
8%
43. The Martinez Brothers
8%
32. Vini Vici
8%
59. ATB
4%
76. Burak Yeter
4%
90. Cuebrick
4%
87. Dubvision
4%
96. Fuastix
4%
79. I Hate Models
4%
36. Indira Paganotto
4%
35. Joel Corry
4%
74. Kaaze
4%
65. Kölsch
4%
50. Korolova
4%
78. Le Twins
4%
57. Lilly Palmer
4%
66. Lucas & Steve
4%
53. Maddix
4%
91. Mariana Bo
4%
92. Meduza
4%
48. Michael Bibi
4%
56. Mochakk
4%
69. Pawsa
4%
22. Reinier Zonneveld
4%
99. Topic
4%
94. Vinai
4%
88. B Jones
0%
89. Giuseppe Ottaviani
0%
97. Honey Dijon
0%
54. Hugel
0%
71. Liu
0%
80. Marnik
0%
75. Miss Monique
0%
98. Nils Van Zandt
0%
86. Plastik Funk
0%
83. Wukong
0%
No matching quizzes found
Score Distribution
Percent of People with Each Score
Percentile by Number Answered
Your Score History
You have not taken this quiz